Responses for show #2543 - Wednesday, September 27, 1995

Linda Roberts game 3.

Contestants

Peg Hausman, a writer and editor from Bloomington, Indiana

Dotty Shekarian, an administrative services director from Bethesda, Maryland

Linda Roberts, a registered nurse from Houston, Texas (whose 2-day cash winnings total $28,402)

Jeopardy! Round responses

THE OLD TESTAMENT
COLORS
SCIENCE
POP MUSIC
STATE CAPITALS
FOREIGN WORDS & PHRASES
    $100 12
Delilah

Dotty
    $100 13
blue

Linda
    $100 14
iron

Dotty
    $100 6
The Osmonds

Dotty
    $100 7
Providence

Dotty
    $100 1
eggs

Linda
    $200 27
Queen of Sheba

Linda
    $200 15
grey

Linda
    $200 19
hooves

Linda
    $200 23
Billy Joel

Dotty
    $200 8
Boston

Dotty
    $200 2
(Linda: [*].)

"How much does it cost?"

Linda
    $300 28
Moses

Linda
    $300 16
violet

Linda
    $300 20
the Hubble telescope

Linda
    $300 24
Monday(, Monday)

Dotty
    $300 9
Olympia(, Washington)

Peg
    $300 3
coconut

Dotty
    $400 29
Israel

Linda
    $400 17
purple

Linda
    $400 21
Sir Isaac Newton

Linda
    $400 25
Bonnie Raitt

Dotty
    $400 10
Richmond(, Virginia)

Linda
    $400 4
winter

Peg
    $500 30
(Dotty: Who is Jonathan?)

Saul

DottyPeg
    $500 18
champagne

Linda
    $500 22
melting

Peg
    $500 26
Pink Floyd

Dotty
    $500 11
(Linda: What is Albany?)
...
(Alex: You're going to remember Wisconsin from now on, I'm sure!)

Madison (Wisconsin)

Linda
    $500 5
(Dotty: What is Switzerland?)

Sweden

LindaDotty

Scores at the first commercial break (after clue 13):

Linda Dotty Peg
$800 $300 $700

Scores at the end of the Jeopardy! Round:

Linda Dotty Peg
$4,000 $1,300 $1,700

Double Jeopardy! Round responses

HISTORY
ECONOMICS
WOMEN
WORLD GEOGRAPHY
SHIPS & BOATS
20th CENTURY NOVELS
    $200 6
Napoleon

Peg
    $200 21
interest

Linda
    $200 11
"Ms."

Linda
    $200 1
(Dotty: What is China?)

Switzerland

LindaDotty
    $200 30
(Alex …Darwin's boat.)

the Beagle

Dotty
    $200 16
Joseph Conrad

Dotty
    $400 7
Cambodia

Linda
    $400 22
profits

Peg
    $400 12
Geraldine Ferraro

Dotty
    $400 2
The Netherlands

Linda
    $400 29
the Nautilus

Linda
    $400 17
Vassar

Linda
    $600 8
Gibraltar

Dotty
    $2,000 23
(Peg: What is specie?)

bullion

Peg
    $600 13
a bug

Dotty
    $600 3
(Linda: Gulf of Aden.)

(Alex: Remember your phrasing, please, Linda.)

Gulf of Suez

Linda
Triple Stumper
    $600 28
tea

Dotty
    $600 18
(William) Faulkner

Dotty
    $800 9
(Peg: What is the Belgian Congo?)
(Alex: The former Belgian Congo, no, can't accept that.)

the Congo

LindaPeg
    $800 24
Karl Marx

Linda
    $800 14
Julia Ward Howe

Peg
    $800 4
Iceland

Linda
    $1,000 27
reeds (or papyrus)

Linda
    $800 19
Carson McCullers

Peg
    $1000 10
Carthage

Linda
    $1000 25
Milton Friedman

Peg
    $1000 15
(Valentina) Tereshkova

Dotty
    $1000 5
(Linda: What is the Maracaibo?)
...
(Alex: [*] is the river, Maracaibo is a lake.)

the Orinoco

LindaDotty
    $1000 26
the Cristina

Linda
    $1000 20
(Thomas) Pynchon

Peg

Scores at the end of the Double Jeopardy! Round:

Linda Dotty Peg
$10,000 $6,300 $3,100

[wagering suggestions for these scores]

Final Jeopardy! Round responses

U.S. CURRENCY
(Alex: [To Dotty] The Jefferson [*] changed from Monticello to the signing of the Declaration of Independence.)
PegWhat is the $5 bill? $10
$3,099
DottyWhat is a $2 bill?
$1,100
LindaWhat is the $2.00 bill?
$2,601
the $2 bill

Final scores:

Linda Dotty Peg
$12,601 $7,400 $1
3-day champion: $41,003 + Jeopardy! '92 home game + Jeopardy! electronic game 2nd place: Gateway 2000 Family Multimedia PC with O'Sullivan Desk + Jeopardy! '92 home game + Jeopardy! electronic game 3rd place: KROY Labeling System+ Jeopardy! '92 home game + Jeopardy! electronic game

Game dynamics:

Coryat scores:

Linda Dotty Peg
$10,300 $6,300 $5,100
28 R
(including 1 DD),
3 W
(including 1 DD)
19 R,
3 W
10 R,
2 W
(including 1 DD)

Combined Coryat: $21,700

The J! Archive is created by fans, for fans. The Jeopardy! game show and all elements thereof, including but not limited to copyright and trademark thereto, are the property of Jeopardy Productions, Inc. and are protected under law. This website is not affiliated with, sponsored by, or operated by Jeopardy Productions, Inc. Join the discussion at JBoard.tv.